Chłopi / (Record no. 26)
[ view plain ]
| 000 -ETYKIETA REKORDU | |
|---|---|
| pole stałej długości | 01157nam#a2200349#i#4500 |
| 001 - NUMER KONTROLNY REKORDU | |
| pole kontrolne | 9912786672405606 |
| 005 - DATA OSTATNIEJ MODYFIKACJI REKORDU | |
| pole kontrolne | 20260503180701.0 |
| 008 - DANE KONTROLNE (POLA STAŁEJ DŁUGOŚCI) | |
| pole stałej długości | 131022s2005 pl# 000 0 pol#c |
| 009 - STREFA OPISU FIZYCZNEGO POLA STAŁEJ DŁUGOŚCI DLA KOLEKCJI ARCHIWALNYCH [NIEUŻYWANE] | |
| pole stałej długości | b0000280028536 |
| 020 ## - MIĘDZYNARODOWY ZNORMALIZOWANY NUMER KSIĄŻKI | |
| Międzynarodowy Znormalizowany Numer Książki | 8373271732 |
| 035 ## - NUMER SYSTEMOWY REKORDU | |
| Numer systemowy | SKI_1134891-48omnis_ski |
| 035 ## - NUMER SYSTEMOWY REKORDU | |
| Numer systemowy | 134891 |
| 035 ## - NUMER SYSTEMOWY REKORDU | |
| Numer systemowy | (PL)b0000280028536 |
| 040 ## - INSTYTUCJA SPORZĄDZAJĄCA REKORD | |
| Instytucja, która przygotowała dane do khw | SKIERN W |
| Instytucja, która wprowadziła rekord | SKIERN W |
| Instytucja, która zmodyfikowała rekord | WA N |
| 041 0# - JĘZYK DOKUMENTU | |
| Język tekstu | pol |
| 080 ## - SYMBOL UNIWERSALNEJ KLASYFIKACJI DZIESIĘTNEJ | |
| Symbol Uniwersalnej Klasyfikacji Dziesiętnej | 821.162.1-3 |
| 100 1# - HASŁO GŁÓWNE - NAZWA OSOBOWA | |
| Nazwa osobowa | Reymont, Władysław Stanisław |
| Daty biograficzne | (1867-1925) |
| 245 10 - STREFA TYTUŁU I OZNACZENIA ODPOWIEDZIALNOŚCI | |
| Tytuł | Chłopi / |
| Pozostałe elementy strefy tytułu i oznaczenia odpowiedzialności | Władysław Stanisław Reymont ; oprac. Anna Popławska. |
| 260 ## - STREFA ADRESU WYDAWNICZEGO | |
| Miejsce wydania, dystrybucji itp. | Kraków : |
| Nazwa wydawcy, dystrybutora itp. | "Greg", |
| Data wydania, dystrybucji itp. | 2005. |
| 300 ## - STREFA OPISU FIZYCZNEGO | |
| Określenie formy dokumentu i/lub objętość | 710 s. ; |
| Wymiary | 21 cm. |
| 336 ## - TYP ZAWARTOŚCI | |
| Termin opisujący typ zawartości | Tekst |
| Kod określający zawartość | txt |
| Źródło | rdacontent |
| 337 ## - TYP MEDIÓW | |
| Tryb odtwarzania | Bez urządzenia pośredniego |
| Kod typu mediów | n |
| Źródło | rdamedia |
| 338 ## - TYP/RODZAJ NOŚNIKA | |
| Hasło opisujące typ nośnika | Wolumin |
| Kod typu nośnika | nc |
| Źródło | rdacarrier |
| 380 ## - FORMA DZIEŁA | |
| Forma dzieła | Książki |
| 490 1# - STREFA SERII I DOKUMENTU WIELOCZĘŚCIOWEGO - FORMA NIE DO WYSZUKIWANIA | |
| Oznaczenie serii | Lektura. Wydanie z opracowaniem/"Greg" |
| 500 ## - UWAGA OGÓLNA | |
| Uwaga ogólna | zawiera: notatki na marginesie, cytaty, które warto znać, streszczenie |
| 500 ## - UWAGA OGÓLNA | |
| Uwaga ogólna | Lektura.Wydanie z opracowaniem |
| 650 04 - HASŁO PRZEDMIOTOWE - NAZWA POSPOLITA | |
| Nazwa pospolita lub nazwa geograficzna jako element wprowadzający | Powieść polska |
| Określnik rzeczowy | społeczno-obyczajowa |
| 700 1# - HASŁO DODATKOWE - NAZWA OSOBOWA | |
| Nazwa osobowa | Popławska, Anna |
| Określenie rodzaju współpracy | Opracowanie |
| 830 #0 - HASŁO DODATKOWE SERII | |
| Tytuł | Lektura. Wydanie z opracowaniem/"Greg" |
| 942 ## - ADDED ENTRY ELEMENTS (KOHA) | |
| Źródło klasyfikacji lub schemat ustawienia na półkach | Inne/Ogólny schemat klasyfikacji |
| Typ egzemplarza Koha | Książki |
| Ukryj w OPAC | Nie |
| Wycofany | Zagubiony | Źródło klasyfikacji lub schemat ustawienia na półkach | Status uszkodzenia | Nie można wypożyczyć | Biblioteka macierzysta | Obecna biblioteka | Data nabycia | Źródło nabycia | Cena | Numer inwentarzowy | Numer akcesji | Razem wypożyczeń | Sygnatura | Kod kreskowy | Ostatnio widziany | Cena obowiązuje od | Typ egzemplarza Koha |
|---|---|---|---|---|---|---|---|---|---|---|---|---|---|---|---|---|---|
| Inne/Ogólny schemat klasyfikacji | Księgozbiór Prywatny Rytwiany | Księgozbiór Prywatny Rytwiany | 19/07/2014 | Dar wewnętrzny | 10.00 | RYT-060 | 1/2014 | R.60 | 2000000000602 | 03/05/2026 | 03/05/2026 | Książki |